Statistics for Taylor Swift - Fearless (Taylor's Version) Songs

Click here to take the quiz!

General Stats

  • This quiz has been taken 587 times
  • The average score is 20 of 27

Answer Stats

Fearless (Taylor's Version)% Correct
1Fearless (Taylor's Version)
97%
3Love Story (Taylor's Version)
95%
27Love Story (Taylor's Version) [Elvira Remix]
95%
2Fifteen (Taylor's Version)
93%
6You Belong With Me (Taylor's Version)
92%
5White Horse (Taylor's Version)
89%
22Mr. Perfectly Fine (Taylor's Version) [From The Vault]
84%
4Hey Stephen (Taylor's Version)
83%
10The Way I Loved You (Taylor's Version)
76%
26Bye Bye Baby (Taylor's Version) [From The Vault]
73%
19The Other Side of the Door (Taylor's Version)
73%
9You're Not Sorry (Taylor's Version)
73%
7Breathe (Taylor's Version) (Ft. Colbie Caillat)
71%
13Change (Taylor's Version)
71%
14Jump Then Fall (Taylor's Version)
71%
12The Best Day (Taylor's Version)
70%
25Don't You (Taylor's Version) [From The Vault]
66%
17Come In With The Rain (Taylor's Version)
64%
8Tell Me Why (Taylor's Version)
64%
20Today Was a Fairytale (Taylor's Version)
64%
15Untouchable (Taylor's Version)
64%
24That's When (Taylor's Version) [From The Vault] (Ft. Keith Urban)
62%
23We Were Happy (Taylor's Version) [From The Vault]
62%
16Forever & Always (Piano Version) [Taylor's Version]
61%
11Forever & Always (Taylor's Version)
61%
18Superstar (Taylor's Version)
61%
21You All Over Me (Taylor's Version) [From The Vault] (Ft. Maren Morris)
55%

Score Distribution

Percentile by Number Answered

Percent of People with Each Score

Your Score History

You have not taken this quiz